| 000 | 01197nam0a22002291 4500 | ||
|---|---|---|---|
| 001 | rc\632645 | ||
| 005 | 20260407141722.0 | ||
| 035 | _a(NLR Aleph) 005874702 | ||
| 090 |
_a6015430 _c6015430 |
||
| 100 | _a20031121d1986 |||y0rusy50 ca | ||
| 101 | 0 | _arus | |
| 102 | _aRU | ||
| 105 | _ay ||||||||| | ||
| 200 | 1 |
_aМетодика выполнения измерений содержания кислорода в уходящих газах энергетических котлов _eМТ 34-70-021-86 _e[Утв. Гл. науч.-техн. упр. энергетики и электрификации М-ва энергетики и электрификации СССР 03.03.86 _eВводится впервые _eСрок действия с 01.01.87 до 01.01.97] |
|
| 210 |
_aМ. _cСлужба передового опыта ПО "Союзтехэнерго" _d1986 |
||
| 215 |
_a19, [1] с. _d20 |
||
| 712 | 0 | 1 |
_aСССР _bГлавное научно-техническое управление энергетики и электрификации _3RU\NLR\AUTH\8810010400 _9518477 |
| 801 | 0 |
_aRU _bNLR _gpsbo |
|
| 801 | 1 |
_aRU _bELAR _2rusmarc |
|
| 852 |
_aNLR _j87-4/1409 |
||
| 942 | _cBOOK | ||
| 980 | _aNB | ||